| 000 | 00400nam a2200145Ia 4500 | ||
|---|---|---|---|
| 008 | 231129s1996||||xx |||||||||||||| ||spa|| | ||
| 020 | _a970-91571-8-3 | ||
| 040 | _bspa | ||
| 082 | _a891.7009 B982L | ||
| 100 | _aBustamante-Garcia Jorge | ||
| 245 | 0 | _aLiteratura rusa de fin de milenio | |
| 260 | _c1996 | ||
| 264 | _aEdiciones sin nombre | ||
| 942 |
_2ddc _cBKS |
||
| 999 |
_c19341 _d19341 |
||